| 000 | 00434nmm a2200145Ia 4500 | ||
|---|---|---|---|
| 008 | 251105s9999||||xx |||||||||||||||||und|| | ||
| 041 | _aspa | ||
| 100 | _aMadrid, Juan | ||
| 245 | 0 |
_aLas apariencias no engañan : _b Serie de Toni Romano 2 |
|
| 264 |
_a[Madrid, España] : _bEdiciones B, _c2016 |
||
| 300 | _a200 páginas | ||
| 650 | _aThriller & Suspense | ||
| 856 | _uhttps://public.digitaliapublishing.com/a/54350 | ||
| 942 | _cCF | ||
| 999 |
_c105812 _d105812 |
||